<?xml version="1.0" encoding="UTF-8"?>
<record
    xmlns:xsi="http://www.w3.org/2001/XMLSchema-instance"
    xsi:schemaLocation="http://www.loc.gov/MARC21/slim http://www.loc.gov/standards/marcxml/schema/MARC21slim.xsd"
    xmlns="http://www.loc.gov/MARC21/slim">

  <leader>01100nam0a22002651  4500</leader>
  <controlfield tag="001">RU\NLR\A1SV\122205</controlfield>
  <controlfield tag="005">20251203171251.9</controlfield>
  <datafield tag="035" ind1=" " ind2=" ">
    <subfield code="a">(NLR Aleph) 010442875</subfield>
  </datafield>
  <datafield tag="090" ind1=" " ind2=" ">
    <subfield code="a">9897614</subfield>
    <subfield code="c">9897614</subfield>
  </datafield>
  <datafield tag="100" ind1=" " ind2=" ">
    <subfield code="a">20131018d1924    u  y0rusy50      ca</subfield>
  </datafield>
  <datafield tag="101" ind1="0" ind2=" ">
    <subfield code="a">rus</subfield>
  </datafield>
  <datafield tag="102" ind1=" " ind2=" ">
    <subfield code="a">RU</subfield>
  </datafield>
  <datafield tag="200" ind1="1" ind2=" ">
    <subfield code="a">&#x423;&#x441;&#x43E;&#x432;&#x435;&#x440;&#x448;&#x435;&#x43D;&#x441;&#x442;&#x432;&#x43E;&#x432;&#x430;&#x43D;&#x43D;&#x430;&#x44F; &#x44D;&#x43A;&#x43E;&#x43D;&#x43E;&#x43C;&#x438;&#x447;&#x435;&#x441;&#x43A;&#x430;&#x44F; &#x440;&#x443;&#x441;&#x441;&#x43A;&#x430;&#x44F; &#x43F;&#x435;&#x447;&#x44C; &#x434;&#x43B;&#x44F; &#x432;&#x441;&#x44F;&#x43A;&#x43E;&#x433;&#x43E; &#x442;&#x432;&#x435;&#x440;&#x434;&#x43E;&#x433;&#x43E; &#x442;&#x43E;&#x43F;&#x43B;&#x438;&#x432;&#x430;</subfield>
    <subfield code="e">&#x41F;&#x440;&#x435;&#x43C;&#x438;&#x440;&#x43E;&#x432;&#x430;&#x43D;&#x430;: &#x43F;&#x43E;&#x447;&#x435;&#x442;. &#x434;&#x438;&#x43F;&#x43B;&#x43E;&#x43C; 1 &#x441;&#x442;&#x435;&#x43F;&#x435;&#x43D;&#x438; &#x438; &#x43D;&#x430;&#x442;&#x443;&#x440;&#x43F;&#x440;&#x435;&#x43C;&#x438;&#x44F; &#x43D;&#x430; &#x412;&#x441;&#x435;&#x441;&#x43E;&#x44E;&#x437;. &#x441;.-&#x445;. &#x432;&#x44B;&#x441;&#x442;&#x430;&#x432;&#x43A;&#x435; 1923 &#x433;.</subfield>
    <subfield code="e">&#x417;&#x430;&#x44F;&#x432;&#x43E;&#x447;. &#x441;&#x432;&#x438;&#x434;&#x435;&#x442;&#x435;&#x43B;&#x44C;&#x441;&#x442;&#x432;&#x43E; &#x41A;&#x43E;&#x43C;. &#x43F;&#x43E; &#x434;&#x435;&#x43B;&#x430;&#x43C; &#x438;&#x437;&#x43E;&#x431;&#x440;&#x435;&#x442;&#x435;&#x43D;&#x438;&#x439; &#x437;&#x430; &#x2116; 73854</subfield>
    <subfield code="f">&#x421;&#x438;&#x441;&#x442;&#x435;&#x43C;&#x44B; &#x438;&#x43D;&#x436;&#x435;&#x43D;&#x435;&#x440;&#x430;-&#x430;&#x433;&#x440;&#x43E;&#x43D;&#x43E;&#x43C;&#x430; &#x414;.&#x418;.&#x422;&#x443;&#x440;&#x43E;&#x43A;</subfield>
  </datafield>
  <datafield tag="210" ind1=" " ind2=" ">
    <subfield code="a">&#x41C;.</subfield>
    <subfield code="c">&#x418;&#x437;&#x434;. &#x430;&#x432;&#x442;.</subfield>
    <subfield code="d">1924</subfield>
  </datafield>
  <datafield tag="215" ind1=" " ind2=" ">
    <subfield code="a">28 &#x441;.</subfield>
    <subfield code="c">&#x438;&#x43B;., &#x447;&#x435;&#x440;&#x442;., &#x442;&#x430;&#x431;&#x43B;.</subfield>
    <subfield code="d">23 &#x441;&#x43C;</subfield>
  </datafield>
  <datafield tag="620" ind1=" " ind2=" ">
    <subfield code="d">&#x41C;&#x43E;&#x441;&#x43A;&#x432;&#x430;</subfield>
  </datafield>
  <datafield tag="700" ind1=" " ind2="1">
    <subfield code="a">&#x422;&#x443;&#x440;&#x43E;&#x43A;</subfield>
    <subfield code="b">&#x414;.&#x418;.</subfield>
  </datafield>
  <datafield tag="801" ind1=" " ind2="0">
    <subfield code="a">RU</subfield>
    <subfield code="b">NLR</subfield>
    <subfield code="c">20131018</subfield>
  </datafield>
  <datafield tag="852" ind1=" " ind2=" ">
    <subfield code="a">NLR</subfield>
    <subfield code="j">35.57.6.346</subfield>
  </datafield>
  <datafield tag="852" ind1=" " ind2=" ">
    <subfield code="a">NLR</subfield>
    <subfield code="j">114/579</subfield>
  </datafield>
  <datafield tag="899" ind1=" " ind2=" ">
    <subfield code="a">&#x420;&#x413;&#x411;</subfield>
  </datafield>
  <datafield tag="942" ind1=" " ind2=" ">
    <subfield code="c">BOOK</subfield>
  </datafield>
  <datafield tag="980" ind1=" " ind2=" ">
    <subfield code="a">NB</subfield>
  </datafield>
  <datafield tag="980" ind1=" " ind2=" ">
    <subfield code="a">A1SV</subfield>
  </datafield>
  <datafield tag="995" ind1=" " ind2=" ">
    <subfield code="5">2016-05-13</subfield>
    <subfield code="b">NLR02</subfield>
    <subfield code="c">NLR02</subfield>
    <subfield code="e">RFS</subfield>
    <subfield code="f">10442875-10</subfield>
    <subfield code="k">35.57.6.346</subfield>
    <subfield code="o">0</subfield>
    <subfield code="r">BOOK</subfield>
    <subfield code="s">35576346_</subfield>
  </datafield>
</record>
